La era victoriana (notice nᵒ 3816)
[ vue normale ]
| 000 -Sello discográfico | |
|---|---|
| campo de control de longitud fija | 01006nam a2200277 4500 |
| 005 - Identificación de versión | |
| campo de control | 20260212103119.0 |
| 010 ## - Número Estándar Internacional de Libros (ISBN) | |
| Número (ISBN) | 968-7279-22-2 |
| 035 ## - Otros números de control del sistema | |
| Número de control del sistema | 25143 |
| 099 ## - fechas locales | |
| Tipo de ítem Koha | LIBRO |
| 100 ## - Datos de procesamiento general | |
| Datos de procesamiento general | 19981217d1997 m y1spay5003 ba |
| 101 ## - Idioma del recurso | |
| Idioma del texto, banda sonora, etc. | Español; Castellano |
| 105 ## - Campo de datos codificados: Material textual, monográfico | |
| Datos codificados de monografía | a 001zy |
| 200 1# - Título y mención de responsabilidad | |
| Título propio | La era victoriana |
| Designación general del material | texto impreso |
| Otra información del título | un siglo de pintura británica |
| Primer mención de responsabilidad | Presentación Rafael Tovar, Gerardo Estrada, Roxana Velásquez Martínez del Campo |
| 210 ## - Publicación, distribución, etc. | |
| Lugar de publicación, distribución, etc. | México |
| Nombre del editor, distribuidor, etc. | Américo Arte Editores |
| -- | Instituto Nacional de Bellas Artes |
| -- | Museo Nacional de San Carlos |
| Fecha de publicación, distribución, etc. | 1997 |
| 215 ## - Descripción física | |
| Designación de material específico y extensión del ítem | 235 p |
| Otras características físicas | principalmente fot. |
| Dimensiones | 32 cm |
| 345 ## - Nota de información de adquisición | |
| Fuente de adquisición/dirección de la suscripción [OBSOLETO] | Donación del INBA |
| 606 ## - Término temático usado como materia | |
| Elemento de entrada | Pintura británica |
| Número Koha | 7536 |
| 660 ## - Código de área geográfica | |
| Código | MX |
| 702 ## - Nombre personal - Responsabilidad secundaria | |
| Elemento de entrada | Estrada Rodríguez |
| Parte del nombre distinta del elemento de entrada | Gerardo |
| Fechas | 1946- |
| Número Koha | 739 |
| 702 ## - Nombre personal - Responsabilidad secundaria | |
| Elemento de entrada | Tovar y de Teresa |
| Parte del nombre distinta del elemento de entrada | Rafael |
| Fechas | 1954-2016 |
| Número Koha | 9 |
| 702 ## - Nombre personal - Responsabilidad secundaria | |
| Elemento de entrada | Velásquez Martínez del Campo |
| Parte del nombre distinta del elemento de entrada | Roxana |
| Número Koha | 7537 |
| 801 #0 - Fuente de origen | |
| País | FR |
| Agencia | cm |
| Reglas de catalogación (convenciones descriptivas) | AFNOR |
| 942 ## - ELEMENTOS DE ENTRADA SECUNDARIOS (KOHA) | |
| Tipo de ítem Koha | Livre |
| Estatus retirado | Estado de daño | Estado de pérdida | Fuente de la clasificación o esquema de estantería | Fecha de adquisición | Biblioteca de origen | Biblioteca actual | Código de barras | Precio de reemplazo | Signatura topográfica completa | No para préstamo | Tipo de ítem Koha | Nota no pública |
|---|---|---|---|---|---|---|---|---|---|---|---|---|
| Clasificación Decimal Dewey | 12/02/2026 | Casa México Paris | Casa México Paris | 008431 | 12/02/2026 | F759.2 E65 | No se presta a domicilio | Livre | 751145101 |